• 首页
  • 本馆介绍
  • 公告通知
  • 最新文献
  • 馆藏检索
  • 电子资源
  • 读者导购
  • 参考咨询
  • 我的图书馆
  • 登录
  • 详细信息显示
  • 放入我的书架
  • 预约/预借图书
  • 作者相关作品
  • 分类相关作品
  • 丛书相关作品
  • 出版社相关作品

书目信息

  • 表格格式
  • 工作单格式
  • 卡片格式
题名:
VCD影碟机维修大全
    
 
作者: 本书编写组 编译
分册: 二  
出版信息: 北京   人民邮电出版社  1998
页数: 220页
开本: 16开
丛书名:
单 册:
中图分类: TN946.5
科图分类:
主题词: 录象系统
电子资源:
ISBN: 7-115-06864-X
000 00578nam0 2200193 45
001 0109261583
005 20031219104050.8
010    @a7-115-06864-X@dCNY23.00
100    @a20010926d1998 km y0chiy0120 ea
101 0  @achi
105    @a z 000yy
200 1  @aVCD影碟机维修大全@h二@AVCD Ying Die Ji Wei Xiu Da Quan@f本书编写组编译@FBen Shu Bian Xie Zu Bian Yi
210    @a北京@c人民邮电出版社@d1998
215    @a220页@c图@d16开
606 0  @a录象系统
690    @aTN946.5@v4
701    @a本书编写组@4编译
801    @aCN@bTSTC@c20010926
905    @f2@b299174-175@dTN946.5@e179:2
    
    VCD影碟机维修大全.二/本书编写组编译.-北京:人民邮电出版社,1998
    220页:图;16开
    
    
    ISBN 7-115-06864-X:CNY23.00
    
●
相关链接 在E读中查询图书 在五车中查询图书 在当当中查询图书 在豆瓣中查询图书


正题名:VCD影碟机维修大全     索取号:TN946.5/179:2         预约/预借

序号 登录号 条形码 馆藏地/架位号 状态 备注
1 0299174   202991744   第三借阅区/ [索取号:TN946.5/179:2] 在馆    
2 0299175   202991753   第二样本阅览室/ [索取号:TN946.5/179:2] 在馆    
唐山师范学院图书馆 欢迎您!
大连网信软件有限公司© 版权所有